Tintin - Country Map Quiz - Statistics

General Stats
  • This quiz has been taken 62 times
  • The average score is 17 of 20
Answers on the Map
Answers color-coded by a green-red scale on the quiz's map according to % correct below.
 
Answer Stats
Answer % Correct
Germany
96%
America
90%
China
90%
Egypt
90%
Iceland
90%
India
90%
Indonesia
90%
Japan
90%
Peru
90%
Soviet Union
90%
United Kingdom
90%
Belgium
88%
Italy
88%
Nepal
88%
D.R.Congo
86%
Morocco
84%
Khemed
80%
Borduria
76%
San Theodoros
76%
Syldavia
57%
No matching quizzes found
Score Distribution
Percent of People with Each Score
Percentile by Number Answered
Your Score History
You have not taken this quiz